ZKM Gdynia / ZTM Gdańsk - 171 - Statystyki

Ogólne statystyki
  • Ten quiz został rozwiązany 32 razy
    24 od ostatniego zresetowania
  • Średni wynik to 19 z 26
Statystyki odpowiedzi
Miejscowość Przystanek Ulica % Poprawnych
Gdynia Karwiny Nowowiczlińska Nowowiczlińska
100%
Gdańsk Oliwa Obrońców Westerplatte
100%
Gdańsk Rynarzewo Spacerowa
100%
Gdańsk Stary Rynek Oliwski Stary Rynek Oliwski
100%
Chwaszczyno Synaka Synaka
100%
Chwaszczyno Oliwska Oliwska
89%
Gdańsk Osowa Obwodnica Spacerowa
89%
Gdańsk Barniewicka Kielnieńska
78%
Gdańsk Iławska Kielnieńska
78%
Gdańsk Myśliborska Kielnieńska
78%
Gdańsk Nowa Kielnieńska
78%
Gdynia Dąbrowa Centrum Nowowiczlińska
67%
Gdynia Kameliowa Rdestowa
67%
Gdynia Leśna Polana Rdestowa
67%
Chwaszczyno Nytbusz Synaka
67%
Gdynia Rdestowa - Kolonia Rdestowa
67%
Chwaszczyno Rewerenda Chwaszczyńska
67%
Gdańsk Sopocka Kielnieńska
67%
Gdynia Szafranowa Rdestowa
67%
Gdynia Anyżowa Nowowiczlińska
56%
Gdynia Bielińskiego Rdestowa
56%
Chwaszczyno Centrum Gdańska
56%
Chwaszczyno Kaszubska Droga Oliwska
56%
Gdynia Paprykowa Rdestowa
56%
Chwaszczyno Polna I Synaka
44%
Gdynia Rdestowa - Leśny Zakątek Rdestowa
44%
Nie znaleziono quizów pasujących do podanych kryteriów
Rozkład punktacji
Procent ludzi z każdym wynikiem
Percentyl według liczby udzielonych odpowiedzi
Twoja historia wyników
Nie rozwiązałeś tego quizu od ostatniego zresetowania